| 000 | 00375nam a2200145Ia 4500 | ||
|---|---|---|---|
| 008 | 230312s9999||||xx |||||||||||||| ||und|| | ||
| 020 | _a0-17-099218-3 | ||
| 082 |
_a388.0973 _bMIL-I |
||
| 100 | _aMiller;G.Tyler | ||
| 245 | 0 | _aIntroducing Sustainability | |
| 260 |
_bThomson _aAustralia _c2007 |
||
| 300 | _a628 | ||
| 650 |
_aArchitecture _vEnviromental Science |
||
| 942 | _cBK | ||
| 999 |
_c11527 _d11527 |
||